|
|
|
|
| LEADER |
00000nam0a2200000 4500 |
| 001 |
33436 |
| 005 |
20231030214126.0 |
| 035 |
|
|
|a (RuTPU)RU\TPU\book\33776
|
| 035 |
|
|
|a BOOK00000427
|
| 090 |
|
|
|a 33436
|
| 100 |
|
|
|a 20011210d1977 m y0rusy50 ca
|
| 101 |
0 |
|
|a rus
|
| 102 |
|
|
|a RU
|
| 105 |
|
|
|a y j 001zy
|
| 200 |
1 |
|
|a Сборка, регулировка и испытание гироскопических приборов
|e учебное пособие
|f Н. И. Шепелев
|
| 210 |
|
|
|a Москва
|c Машиностроение
|d 1977
|
| 215 |
|
|
|a 192 с.
|
| 320 |
|
|
|a Библиография: с. 189-190.
|
| 610 |
1 |
|
|a приборостроение
|
| 610 |
1 |
|
|a гироскопические приборы
|
| 610 |
1 |
|
|a сборка
|
| 610 |
1 |
|
|a регулировка
|
| 610 |
1 |
|
|a испытание
|
| 610 |
1 |
|
|a учебные пособия
|
| 675 |
|
|
|a 681.2.002(075.8)
|v 3
|
| 675 |
|
|
|a 629.735.05(075.8)
|v 3
|
| 700 |
|
1 |
|a Шепелев
|b Н. И.
|g Николай Иванович
|
| 801 |
|
0 |
|a RU
|b 63413507
|c 20011210
|g PSBO
|
| 801 |
|
2 |
|a RU
|b 63413507
|c 20201029
|g PSBO
|
| 900 |
|
|
|a Технология приборостроения
|
| 942 |
|
|
|c BK
|
| 952 |
|
|
|a 551500
|b 181200
|